| 000 | 00358cam a22001217a 4500 | ||
|---|---|---|---|
| 008 | 180718b1988 xxu||||| |||| 00| 0 eng d | ||
| 082 | _aB136x54 G969 CRS | ||
| 100 | _aGurumurthy, K.G. | ||
| 245 |
_aRural development and factional politics _cby K.G. Gurumurthy |
||
| 260 |
_aNew Delhi _bRaliance _c1988 |
||
| 300 | _a189p. | ||
| 650 | _aRural development - India | ||
| 999 |
_c345440 _d345440 |
||